Hodnotenie úspešnosti fúzií a akvizícií

Synergický efekt a jeho hodnotové vyjadrenie - konkrétny príklad. Ďalšie spôsoby hodnotenia úspešnosti fúzií a akvizícií. Analýza súčasnej hodnoty. Spôsoby odhadu prínosov fúzií a akvizícií. Neúspešnosť fúzií a akvizícií.

Salvato in:
Dettagli Bibliografici
Autore principale: Kubričanová, Elena
Natura: Capitolo di libro
Lingua:slovacco
Soggetti:
Tags: Aggiungi Tag
Nessun Tag, puoi essere il primo ad aggiungerne!!

MARC

LEADER 00000nla a2200000 4500
001 0180593
005 20240502073100.4
041 0 |a slo 
044 |a SK 
245 1 0 |a Hodnotenie úspešnosti fúzií a akvizícií  |c Elena Kubričanová 
520 |a Synergický efekt a jeho hodnotové vyjadrenie - konkrétny príklad. Ďalšie spôsoby hodnotenia úspešnosti fúzií a akvizícií. Analýza súčasnej hodnoty. Spôsoby odhadu prínosov fúzií a akvizícií. Neúspešnosť fúzií a akvizícií. 
610 2 0 |a fúzie 
610 2 0 |a akvizícia 
610 2 0 |a podnik 
610 2 0 |a zisk 
610 2 0 |a náklady 
610 2 0 |a financie 
100 1 |a Kubričanová, Elena